Collected logical works

Saved in:
Bibliografiske detaljer
Hovedforfatter: Boole, George
Format: Bog
Sprog:engelsk
Udgivet: Chicago, USA The Open Court 1952
Fag:
Tags: Tilføj Tag
Ingen Tags, Vær først til at tagge denne postø!

MARC

LEADER 00000nam a2200000 a 4500
001 UCZ5709
003 CL-VaPUC
005 20240819115753.0
008 951124e19520000US |||||||||||||||||eng|d
999 |c 241999  |d 241997 
040 |c Pontificia Universidad Católica de Valparaíso 
082 0 4 |a 511.3 BOO 1952  |2 21 
100 0 |a Boole, George  |9 349866 
245 1 0 |a Collected logical works 
260 0 3 |a Chicago, USA  |b The Open Court  |c 1952 
300 |a v 
505 |a v.2: the laws of thought 1854 
583 |a last modification  |c 19951124 00:00:00  |k Rodrigo Vera 
650 0 |a Matemática  |9 260235 
650 0 |a Lógica matemática   |9 262442 
650 0 |a Teoría del conocimiento   |9 255038 
650 0 |a Filosofía de las ciencias  |9 256466 
650 0 |a Racionalismo  |9 259116 
942 |c BK  |2 ddc 
945 |d 19951124 00:00:00  |a cmena 
952 |0 0  |1 0  |2 ddc  |4 0  |6 511_300000000000000_BOO_1952  |7 0  |8 P  |9 254660  |a BIBEDU  |b BIBEDU  |c BIBEDU_PB  |d 2019-11-19  |h v.2  |i 1576313  |o 511.3 BOO 1952  |p 1576313  |r 2024-01-25  |t 1  |w 2019-11-19  |y BK  |k FIL